00325nam a2200121Ia 4500008004000000082001800040100001800058245004300076260005300119300000800172440000600180650001700186210210b1982 xxu||||| |||| 00| 0 eng d a598.2954 JERB aJERDON (T C). aBirds of india: natural history. Vo.2. aDehra DunbBishen Singh Mahendra Pal Singhc1982 a439 a2 aIndian Birds